| 000 | 01488cam a22003495a 4500 | ||
|---|---|---|---|
| 001 | 14897965 | ||
| 003 | EG-ScBUE | ||
| 005 | 20220418094955.0 | ||
| 008 | 070620s2008 enka f b 001 0 eng d | ||
| 020 | _a9780415414241 | ||
| 040 |
_aDLC _beng _erda _cDLC _dDLC _dEG-ScBUE _dEG-ScBUE |
||
| 082 | 0 | 4 |
_a420.141 _bWOR _222 |
| 245 | 0 | 0 |
_aWorking with texts : _ba core introduction to language analysis / _cRonald Carter ... [and four others] ; edited by Adrian Beard. |
| 250 | _aThird edition. | ||
| 264 | 1 |
_aLondon ; _aNew York : _bRoutledge, _c2008. |
|
| 300 |
_axxii, 264 pages : _billustrations ; _c24 cm. |
||
| 336 |
_2rdacontent _atext _btxt |
||
| 337 |
_2rdamedia _aunmediated _bn |
||
| 338 |
_2rdacarrier _avolume _bnc |
||
| 490 | 0 | _aInter text | |
| 504 | _aIncludes bibliographical references and index. | ||
| 520 | _aProviding a basic foundation for understanding aspects of English language crucial in the analysis of text, this text examines such topics as writing, the sound system of spoken English, words, sentence grammar and discourse construction. | ||
| 650 | 7 |
_aLanguage and languages _vProblems, exercises, etc. _2BUEsh |
|
| 650 | 7 |
_aWritten communication _vProblems, exercises, etc. _2BUEsh |
|
| 651 | _2BUEsh | ||
| 653 |
_bHHUUEENN _cAugust2018 |
||
| 655 |
_vReading book _934232 |
||
| 700 | 1 |
_aCarter, Ronald, _d1947- _eauthor. _93521 |
|
| 700 | 1 |
_aBeard, Adrian, _eeditor. _93523 |
|
| 942 |
_2ddc _cBB |
||
| 999 |
_c11262 _d11262 |
||